Minecraft Real Life: All Death Messages - Statistics

General Stats
  • This quiz has been taken 16 times
  • The average score is 9 of 39
Answer Stats
Hint Answer % Correct
1. SolidarityGaming fell from a high place
85%
28. Renthedog ran out of lives
46%
29. SolidarityGaming ran out of lives
38%
30. bigbst4tz2 ran out of lives
38%
20. ZombieCleo was shot by Skeleton
38%
16. Smallishbeans ran out of lives
31%
22. GoodTimeWithScar ran out of lives
31%
23. impulseSV ran out of lives
31%
24. Skizzleman ran out of lives
31%
33. InTheLittleWood ran out of lives
31%
37. GeminiTay ran out of lives
31%
38. Smajor1995 ran out of lives
31%
39. ZombieCleo ran out of lives
31%
3. Grian was shot by Skeleton
31%
15. Grian ran out of lives
23%
14. Smajor1995 was impaled by Drowned
23%
2. impulseSV was shot by Skeleton
23%
4. SolidarityGaming was shot by Skeleton
23%
36. Smajor1995 was slain by GeminiTay
23%
17. InTheLittleWood was slain by impulseSV
23%
35. ZombieCleo was slain by Smajor1995
23%
32. PearlescentMoon ran out of lives
15%
6. Grian was shot by Skeleton
15%
11. impulseSV was slain by Grian
15%
18. Renthedog was slain by impulseSV
15%
19. Skizzleman was slain by impulseSV
15%
21. Renthedog was slain by impulseSV
15%
25. bigbst4tz2 was slain by Renthedog
15%
34. GeminiTay was slain by Smajor1995
15%
8. Skizzleman was slain by SolidarityGaming
15%
31. PearlescentMoon hit the ground too hard
8%
10. InTheLittleWood was killed by Witch using magic
8%
7. PearlescentMoon was slain by Grian
8%
9. GoodTimeWithScar was slain by Grian
8%
12. Smallishbeans was slain by impulseSV
8%
26. GeminiTay was slain by InTheLittleWood
8%
27. bigbst4tz2 was slain by SolidarityGaming
8%
5. GoodTimeWithScar was slain by Zombie
8%
13. Smallishbeans was slain by Zombie
8%
No matching quizzes found
Score Distribution
Percent of People with Each Score
Percentile by Number Answered
Your Score History
You have not taken this quiz